Visualizzazione normale
Vista MARC
- Gounod Charles
di Personal Name
Records bibliografici associati: 1
001 - CONTROL NUMBER
- control field: 22400
003 - CONTROL NUMBER IDENTIFIER
- control field: IT-RoPau
005 - DATE AND TIME OF LATEST TRANSACTION
- control field: 20140427203152.0
008 - FIXED-LENGTH DATA ELEMENTS
- fixed length control field: 140427|| aca||aabn | a|a d
040 ## - CATALOGING SOURCE
- Original cataloging agency: IT-RoPau
- Transcribing agency: IT-RoPau
100 ## - HEADING--PERSONAL NAME
- Personal name: Gounod Charles
- Dates associated with a name: Codice autore musica SPICS: 10670
- Relator term: Autore musica
- Name of part/section of a work: Balletto (da "Faust")
670 ## - SOURCE DATA FOUND
- Source citation: Work cat.: (IT-RoPau)99927: AA.VV. 794, Danze da opere, vol. 08